000 00844nam a2200277 a 4500
001 000012855
005 20200929163104.0
008 091117s1956 ag 001 0 spa d
040 _aDO-SdBNP
_bspa
_cBNPHU
082 _a842.914
_bA615t
100 1 _aAnouilh, Jean,
_d1910-1987
_929734
240 1 0 _aNouvelles pièces noires
_lEspañol
245 1 0 _aTeatro :
_bnuevas piezas negras /
_cJean Anouilh.
246 0 0 _aJezabel
246 0 0 _aAntígona
246 0 0 _aRomeo y Jeannette
246 0 0 _aMedea
260 _aBuenos Aires :
_bLosada,
_c1956.
300 _a249 p. ;
_c21 cm.
490 1 _aGran teatro del mundo
534 _pTítulo original en francés:
_tNouvelles pièces noires
650 4 _aTeatro español
_93071
650 4 _aLiteratura española
_ySIGLO XX
_93326
830 0 _aGran teatro del mundo
_929735
049 _aBNGR
999 _c12503
_d12503